[Event "29. Klatovy A 2023"]
[Site "Klatovy"]
[Date "2023.07.02"]
[Round "2.7"]
[White "Topencik, Bruno"]
[Black "Janous, Marek"]
[Result "1/2-1/2"]
[WhiteElo "1780"]
[BlackElo "2185"]
[PlyCount "85"]
[EventDate "2023.07.01"]
[EventType "swiss"]
[EventRounds "9"]
[EventCountry "CZE"]
[TimeControl "120+30"]

1. c4 {[%emt 0:00:11]} e5 {[%emt 0:03:40]} 2. Nf3 {[%emt 0:00:14]} Nc6 {[%emt 0:00:09]} 3. d4 {[%emt 0:00:13]} exd4 {[%emt 0:00:08]} 4. Nxd4 {[%emt 0:00:06]} Bb4+ {[%emt 0:09:42]} 5. Bd2 {[%emt 0:01:15]} Bxd2+ {[%emt 0:04:58]} 6. Qxd2 {[%emt 0:00:11]} d5 {[%emt 0:05:53]} 7. Nxc6 {[%emt 0:04:40]} bxc6 {[%emt 0:00:39]} 8. g3 {[%emt 0:01:54]} Ne7 {[%emt 0:01:34]} 9. Bg2 {[%emt 0:01:24]} O-O {[%emt 0:00:10]} 10. Nc3 {[%emt 0:05:05]} dxc4 {[%emt 0:04:30]} 11. O-O-O {[%emt 0:08:15]} Qxd2+ {[%emt 0:03:04]} 12. Rxd2 {[%emt 0:00:14]} Be6 {[%emt 0:03:51]} 13. Rhd1 {[%emt 0:03:28]} Rab8 {[%emt 0:01:14]} 14. Na4 {[%emt 0:16:02]} Rb5 {[%emt 0:01:49]} 15. Rd8 {[%emt 0:02:12]} f5 {[%emt 0:00:06]} 16. Rxf8+ {[%emt 0:03:15]} Kxf8 {[%emt 0:00:23]} 17. Nc3 {[%emt 0:00:33]} Ra5 {[%emt 0:03:11]} 18. Kc2 {[%emt 0:05:52]} Nd5 {[%emt 0:02:56]} 19. a3 {[%emt 0:01:37]} Kf7 {[%emt 0:01:19]} 20. h4 {[%emt 0:03:17]} h6 {[%emt 0:12:40]} 21. e3 {[%emt 0:06:27]} Ke7 {[%emt 0:12:07]} 22. Bf3 {[%emt 0:03:58]} Rc5 {[%emt 0:21:08]} 23. Bg2 {[%emt 0:02:32]} Nf6 {[%emt 0:17:47]} 24. Na4 {[%emt 0:12:29]} Ra5 {[%emt 0:00:06]} 25. Nc3 {[%emt 0:06:46]} Ng4 {[%emt 0:02:08]} 26. Rd2 {[%emt 0:02:21]} Ne5 {[%emt 0:06:54]} 27. Ne2 {[%emt 0:07:46]} Bd5 {[%emt 0:03:00]} 28. Nf4 {[%emt 0:01:54]} Bxg2 {[%emt 0:00:57]} 29. Nxg2 {[%emt 0:00:15]} Rd5 {[%emt 0:00:16]} 30. Nf4 {[%emt 0:01:11]} Rxd2+ {[%emt 0:00:16]} 31. Kxd2 {[%emt 0:00:06]} g5 {[%emt 0:00:45]} 32. hxg5 {[%emt 0:02:40]} hxg5 {[%emt 0:00:01]} 33. Ne2 {[%emt 0:01:44]} Nd3 {[%emt 0:02:27]} 34. f4 {[%emt 0:06:47]} gxf4 {[%emt 0:02:07]} 35. exf4 {[%emt 0:01:13]} Nxb2 {[%emt 0:01:20]} 36. Kc3 {[%emt 0:01:03]} Nd1+ {[%emt 0:01:24]} 37. Kxc4 {[%emt 0:00:13]} Ne3+ {[%emt 0:01:02]} 38. Kc5 {[%emt 0:15:49]} Nc2 {[%emt 0:00:13]} 39. Kxc6 {[%emt 0:01:07]} Nxa3 {[%emt 0:00:06]} 40. Nd4 {[%emt 0:00:27]} Kf6 {[%emt 0:00:08]} 41. Kxc7 {[%emt 0:00:31]} Nc4 {[%emt 0:00:31]} 42. Kc6 {[%emt 0:00:32]} Nd2 {[%emt 0:00:51]} 43. Kb5 {[%emt 0:00:33]} 1/2-1/2

[Event "29. Klatovy A 2023"]
[Site "Klatovy"]
[Date "2023.07.02"]
[Round "2.8"]
[White "Dvorak, Jan"]
[Black "Lhotsky, Zdenek"]
[Result "1-0"]
[WhiteElo "2176"]
[BlackElo "1840"]
[PlyCount "77"]
[EventDate "2023.07.01"]
[EventType "swiss"]
[EventRounds "9"]
[EventCountry "CZE"]
[TimeControl "120+30"]

1. d4 {[%emt 0:00:06]} d5 {[%emt 0:00:10]} 2. c4 {[%emt 0:00:11]} e6 {[%emt 0:00:09]} 3. Nc3 {[%emt 0:00:34]} Nf6 {[%emt 0:00:17]} 4. Bg5 {[%emt 0:00:36]} Bb4 {[%emt 0:01:19]} 5. e3 {[%emt 0:01:10]} O-O {[%emt 0:02:19]} 6. cxd5 {[%emt 0:03:12]} exd5 {[%emt 0:00:14]} 7. Bd3 {[%emt 0:00:56]} Qd6 {[%emt 0:11:13]} 8. Nge2 {[%emt 0:15:45]} c6 {[%emt 0:07:08]} 9. Qc2 {[%emt 0:10:26]} Nbd7 {[%emt 0:03:30]} 10. O-O {[%emt 0:06:15]} Re8 {[%emt 0:04:16]} 11. a3 {[%emt 0:03:12]} Ba5 {[%emt 0:00:55]} 12. b4 {[%emt 0:01:09]} Bd8 {[%emt 0:00:50]} 13. Na4 {[%emt 0:10:44]} Nf8 {[%emt 0:03:45]} 14. Bf4 {[%emt 0:08:22]} Qe7 {[%emt 0:02:09]} 15. b5 {[%emt 0:04:11]} cxb5 {[%emt 0:05:55]} 16. Bxb5 {[%emt 0:00:21]} Bd7 {[%emt 0:00:33]} 17. Bxd7 {[%emt 0:04:23]} N8xd7 {[%emt 0:03:32]} 18. Qb3 {[%emt 0:08:38]} Bb6 {[%emt 0:06:18]} 19. Nec3 {[%emt 0:04:59]} Red8 {[%emt 0:07:34]} 20. Nxd5 {[%emt 0:04:45]} Nxd5 {[%emt 0:00:29]} 21. Qxd5 {[%emt 0:00:03]} Nc5 {[%emt 0:00:33]} 22. Qc4 {[%emt 0:03:11]} Ne4 {[%emt 0:04:03]} 23. Rfc1 {[%emt 0:05:49]} Ba5 {[%emt 0:01:59]} 24. Qb5 {[%emt 0:03:28]} b6 {[%emt 0:01:57]} 25. Nb2 {[%emt 0:11:30]} Rac8 {[%emt 0:02:42]} 26. Rxc8 {[%emt 0:08:02]} Rxc8 {[%emt 0:00:03]} 27. Nd3 {[%emt 0:00:28]} Rc2 {[%emt 0:02:31]} 28. Qd5 {[%emt 0:03:14]} h6 {[%emt 0:01:21]} 29. Rc1 {[%emt 0:04:04]} Rxc1+ {[%emt 0:20:19]} 30. Nxc1 {[%emt 0:00:01]} Nd2 {[%emt 0:01:43]} 31. Bd6 {[%emt 0:02:26]} Qd7 {[%emt 0:01:01]} 32. h3 {[%emt 0:01:22]} Qc8 {[%emt 0:03:46]} 33. Nb3 {[%emt 0:01:21]} Nxb3 {[%emt 0:03:08]} 34. Qxb3 {[%emt 0:00:02]} Qc1+ {[%emt 0:01:28]} 35. Kh2 {[%emt 0:00:05]} Be1 {[%emt 0:00:40]} 36. Bg3 {[%emt 0:00:26]} Qd2 {[%emt 0:00:12]} 37. Qc4 {[%emt 0:00:35]} Qb2 {[%emt 0:01:09]} 38. a4 {[%emt 0:01:28]} g6 {[%emt 0:00:18]} 39. Qc8+ {[%emt 0:00:32]} 1-0

[Event "29. Klatovy A 2023"]
[Site "Klatovy"]
[Date "2023.07.02"]
[Round "2.9"]
[White "Honcharov, Makar"]
[Black "Soural, Jan"]
[Result "1/2-1/2"]
[WhiteElo "1696"]
[BlackElo "2176"]
[PlyCount "60"]
[EventDate "2023.07.01"]
[EventType "swiss"]
[EventRounds "9"]
[EventCountry "CZE"]
[TimeControl "120+30"]

1. e4 {[%emt 0:00:03]} c5 {[%emt 0:01:16]} 2. Nf3 {[%emt 0:00:12]} d6 {[%emt 0:00:05]} 3. d4 {[%emt 0:00:07]} cxd4 {[%emt 0:00:10]} 4. Nxd4 {[%emt 0:00:05]} Nf6 {[%emt 0:03:31]} 5. Nc3 {[%emt 0:00:11]} g6 {[%emt 0:00:03]} 6. Be3 {[%emt 0:00:08]} Bg7 {[%emt 0:00:02]} 7. f3 {[%emt 0:00:10]} O-O {[%emt 0:00:22]} 8. Qd2 {[%emt 0:00:02]} Nc6 {[%emt 0:00:11]} 9. g4 {[%emt 0:00:07]} Be6 {[%emt 0:17:15]} 10. Nxe6 {[%emt 0:00:28]} fxe6 {[%emt 0:00:04]} 11. Nb5 {[%emt 0:00:44]} d5 {[%emt 0:11:00]} 12. g5 {[%emt 0:06:24]} Nh5 {[%emt 0:09:58]} 13. O-O-O {[%emt 0:02:46]} a6 {[%emt 0:10:18]} 14. exd5 {[%emt 0:15:53]} axb5 {[%emt 0:12:28]} 15. dxc6 {[%emt 0:00:24]} Rxa2 {[%emt 0:02:13]} 16. Qxd8 {[%emt 0:00:53]} Ra1+ {[%emt 0:02:51]} 17. Kd2 {[%emt 0:00:07]} Rxd1+ {[%emt 0:00:37]} 18. Kxd1 {[%emt 0:00:09]} Rxd8+ {[%emt 0:00:05]} 19. Bd3 {[%emt 0:00:08]} bxc6 {[%emt 0:00:16]} 20. b3 {[%emt 0:04:07]} Be5 {[%emt 0:33:37]} 21. Ke2 {[%emt 0:03:21]} Nf4+ {[%emt 0:00:31]} 22. Bxf4 {[%emt 0:00:20]} Bxf4 {[%emt 0:00:04]} 23. h4 {[%emt 0:00:20]} Ra8 {[%emt 0:12:53]} 24. Kf2 {[%emt 0:02:29]} Ra2 {[%emt 0:00:05]} 25. Re1 {[%emt 0:00:55]} Kf7 {[%emt 0:02:16]} 26. Re4 {[%emt 0:04:24]} e5 {[%emt 0:00:26]} 27. Re2 {[%emt 0:00:46]} Ra1 {[%emt 0:00:18]} 28. Kg2 {[%emt 0:00:16]} Ke6 {[%emt 0:01:30]} 29. Be4 {[%emt 0:03:12]} Kd6 {[%emt 0:00:09]} 30. c4 {[%emt 0:00:17]} bxc4 {[%emt 0:05:36]} 1/2-1/2

[Event "29. Klatovy A 2023"]
[Site "Klatovy"]
[Date "2023.07.02"]
[Round "2.10"]
[White "Straka, Vojtech"]
[Black "Kroulik, Vaclav"]
[Result "1-0"]
[WhiteElo "2433"]
[BlackElo "1750"]
[PlyCount "103"]
[EventDate "2023.07.01"]
[EventType "swiss"]
[EventRounds "9"]
[EventCountry "CZE"]
[TimeControl "120+30"]

1. c4 {[%emt 0:00:02]} c5 {[%emt 0:00:06]} 2. Nf3 {[%emt 0:00:27]} Nc6 {[%emt 0:00:07]} 3. Nc3 {[%emt 0:00:21]} e5 {[%emt 0:00:14]} 4. g3 {[%emt 0:01:02]} g6 {[%emt 0:00:15]} 5. h4 {[%emt 0:04:45]} h5 {[%emt 0:01:34]} 6. d3 {[%emt 0:00:41]} Bg7 {[%emt 0:00:58]} 7. Bg5 {[%emt 0:00:59]} f6 {[%emt 0:01:26]} 8. Be3 {[%emt 0:04:36]} Nd4 {[%emt 0:02:05]} 9. Bg2 {[%emt 0:00:11]} Ne7 {[%emt 0:00:42]} 10. a3 {[%emt 0:00:21]} Nef5 {[%emt 0:04:36]} 11. Bd2 {[%emt 0:00:37]} d6 {[%emt 0:03:34]} 12. e3 {[%emt 0:04:16]} Nc6 {[%emt 0:02:17]} 13. Rb1 {[%emt 0:00:54]} a5 {[%emt 0:01:36]} 14. O-O {[%emt 0:05:32]} O-O {[%emt 0:01:19]} 15. Nd5 {[%emt 0:01:22]} Be6 {[%emt 0:02:34]} 16. Ne1 {[%emt 0:02:25]} Nfe7 {[%emt 0:04:25]} 17. Nc2 {[%emt 0:06:38]} Bg4 {[%emt 0:10:44]} 18. Qe1 {[%emt 0:03:02]} Bf5 {[%emt 0:04:17]} 19. e4 {[%emt 0:18:05]} Be6 {[%emt 0:00:53]} 20. f4 {[%emt 0:04:26]} f5 {[%emt 0:08:46]} 21. Qe2 {[%emt 0:08:27]} fxe4 {[%emt 0:14:07]} 22. Bxe4 {[%emt 0:00:57]} Nf5 {[%emt 0:01:24]} 23. Qg2 {[%emt 0:02:08]} Kh7 {[%emt 0:07:21]} 24. Rbe1 {[%emt 0:04:18]} Bxd5 {[%emt 0:05:07]} 25. cxd5 {[%emt 0:03:01]} Ncd4 {[%emt 0:02:10]} 26. Nxd4 {[%emt 0:00:13]} Nxd4 {[%emt 0:02:40]} 27. Be3 {[%emt 0:18:06]} exf4 {[%emt 0:09:53]} 28. Bxf4 {[%emt 0:00:40]} Qd7 {[%emt 0:01:02]} 29. Kh2 {[%emt 0:17:09]} Rae8 {[%emt 0:02:18]} 30. Rf2 {[%emt 0:00:55]} b5 {[%emt 0:08:39]} 31. Ref1 {[%emt 0:02:17]} b4 {[%emt 0:02:29]} 32. axb4 {[%emt 0:01:30]} axb4 {[%emt 0:00:20]} 33. Qh3 {[%emt 0:01:55]} Qxh3+ {[%emt 0:09:32]} 34. Kxh3 {[%emt 0:00:02]} Nf5 {[%emt 0:01:19]} 35. Ra1 {[%emt 0:05:38]} Ra8 {[%emt 0:02:21]} 36. Rxa8 {[%emt 0:00:57]} Rxa8 {[%emt 0:00:02]} 37. Bxf5 {[%emt 0:00:16]} gxf5 {[%emt 0:00:11]} 38. Bxd6 {[%emt 0:00:07]} Rd8 {[%emt 0:00:18]} 39. Bxc5 {[%emt 0:00:17]} Rxd5 {[%emt 0:00:11]} 40. Bxb4 {[%emt 0:00:23]} Rxd3 {[%emt 0:00:46]} 41. Rxf5 {[%emt 0:00:22]} Kg6 {[%emt 0:00:42]} 42. Rg5+ {[%emt 0:00:26]} Kh6 {[%emt 0:00:23]} 43. Rb5 {[%emt 0:00:44]} Kg6 {[%emt 0:03:06]} 44. Bc3 {[%emt 0:03:15]} Bxc3 {[%emt 0:02:36]} 45. Rb3 {[%emt 0:00:18]} Rd2 {[%emt 0:00:14]} 46. bxc3 {[%emt 0:00:07]} Rc2 {[%emt 0:00:24]} 47. Rb6+ {[%emt 0:00:13]} Kf5 {[%emt 0:00:27]} 48. Rh6 {[%emt 0:00:18]} Rxc3 {[%emt 0:01:32]} 49. Rxh5+ {[%emt 0:00:07]} Kg6 {[%emt 0:00:29]} 50. Ra5 {[%emt 0:00:09]} Rc4 {[%emt 0:00:17]} 51. Ra6+ {[%emt 0:00:24]} Kh5 {[%emt 0:00:38]} 52. g4+ {[%emt 0:00:11]} 1-0

[Event "29. Klatovy A 2023"]
[Site "Klatovy"]
[Date "2023.07.02"]
[Round "2.11"]
[White "Hosnedl, Jiri"]
[Black "Neuman, Petr"]
[Result "0-1"]
[WhiteElo "1858"]
[BlackElo "2398"]
[PlyCount "112"]
[EventDate "2023.07.01"]
[EventType "swiss"]
[EventRounds "9"]
[EventCountry "CZE"]
[TimeControl "120+30"]

1. d4 {[%emt 0:00:02]} d6 {[%emt 0:00:05]} 2. Nf3 {[%emt 0:01:16]} Nf6 {[%emt 0:00:12]} 3. c4 {[%emt 0:00:43]} g6 {[%emt 0:00:07]} 4. g3 {[%emt 0:00:33]} Bg7 {[%emt 0:00:06]} 5. Bg2 {[%emt 0:00:19]} O-O {[%emt 0:00:06]} 6. O-O {[%emt 0:01:21]} c6 {[%emt 0:00:03]} 7. Nc3 {[%emt 0:01:52]} Qa5 {[%emt 0:00:05]} 8. a3 {[%emt 0:13:57]} Qh5 {[%emt 0:01:20]} 9. h4 {[%emt 0:07:38]} e5 {[%emt 0:07:33]} 10. dxe5 {[%emt 0:05:04]} dxe5 {[%emt 0:00:10]} 11. Ng5 {[%emt 0:02:08]} Na6 {[%emt 0:05:13]} 12. Nge4 {[%emt 0:05:32]} Nxe4 {[%emt 0:03:47]} 13. Nxe4 {[%emt 0:01:36]} h6 {[%emt 0:01:58]} 14. b4 {[%emt 0:07:53]} Bg4 {[%emt 0:05:42]} 15. f3 {[%emt 0:22:51]} Be6 {[%emt 0:01:41]} 16. Qe1 {[%emt 0:05:18]} f5 {[%emt 0:01:14]} 17. Nd6 {[%emt 0:08:27]} e4 {[%emt 0:11:20]} 18. Rb1 {[%emt 0:05:59]} g5 {[%emt 0:08:44]} 19. hxg5 {[%emt 0:05:56]} hxg5 {[%emt 0:00:30]} 20. Bb2 {[%emt 0:08:59]} Bxb2 {[%emt 0:01:40]} 21. Rxb2 {[%emt 0:00:08]} Qh8 {[%emt 0:00:19]} 22. Qd2 {[%emt 0:11:04]} f4 {[%emt 0:03:46]} 23. fxe4 {[%emt 0:05:41]} Qe5 {[%emt 0:00:29]} 24. gxf4 {[%emt 0:03:28]} gxf4 {[%emt 0:00:44]} 25. Rb3 {[%emt 0:01:35]} Rf6 {[%emt 0:03:55]} 26. Rd3 {[%emt 0:02:36]} Raf8 {[%emt 0:00:39]} 27. Kf2 {[%emt 0:01:12]} Rg6 {[%emt 0:00:32]} 28. Bf3 {[%emt 0:00:26]} b6 {[%emt 0:03:36]} 29. Ke1 {[%emt 0:00:17]} c5 {[%emt 0:00:31]} 30. b5 {[%emt 0:00:22]} Nb8 {[%emt 0:00:41]} 31. Kd1 {[%emt 0:00:23]} Qa1+ {[%emt 0:06:48]} 32. Qc1 {[%emt 0:00:26]} Qxc1+ {[%emt 0:00:03]} 33. Kxc1 {[%emt 0:00:06]} Nd7 {[%emt 0:00:03]} 34. Rfd1 {[%emt 0:01:32]} Ne5 {[%emt 0:00:07]} 35. R3d2 {[%emt 0:00:33]} Rg5 {[%emt 0:02:51]} 36. Kb1 {[%emt 0:00:31]} Bxc4 {[%emt 0:01:02]} 37. Nxc4 {[%emt 0:00:32]} Nxc4 {[%emt 0:00:02]} 38. Rd3 {[%emt 0:00:30]} Ne5 {[%emt 0:02:14]} 39. Rd5 {[%emt 0:00:26]} Re8 {[%emt 0:00:07]} 40. Rd8 {[%emt 0:00:39]} Kf7 {[%emt 0:00:11]} 41. Rxe8 {[%emt 0:00:21]} Kxe8 {[%emt 0:00:02]} 42. Rh1 {[%emt 0:00:37]} Rg3 {[%emt 0:01:32]} 43. Rh8+ {[%emt 0:00:19]} Ke7 {[%emt 0:00:04]} 44. Rh7+ {[%emt 0:00:13]} Kd6 {[%emt 0:00:05]} 45. Rh6+ {[%emt 0:00:43]} Rg6 {[%emt 0:00:14]} 46. Rh7 {[%emt 0:00:30]} c4 {[%emt 0:00:09]} 47. Rxa7 {[%emt 0:00:32]} Kc5 {[%emt 0:01:30]} 48. Re7 {[%emt 0:00:17]} Kd4 {[%emt 0:02:25]} 49. Kc2 {[%emt 0:00:59]} Nxf3 {[%emt 0:01:14]} 50. exf3 {[%emt 0:00:11]} Rg2+ {[%emt 0:00:05]} 51. Kd1 {[%emt 0:00:28]} Kc3 {[%emt 0:00:31]} 52. Rd7 {[%emt 0:00:37]} Kb2 {[%emt 0:01:00]} 53. Rd4 {[%emt 0:00:32]} c3 {[%emt 0:00:10]} 54. Rb4+ {[%emt 0:00:31]} Kxa3 {[%emt 0:00:02]} 55. Rd4 {[%emt 0:00:34]} Kb3 {[%emt 0:00:04]} 56. Rd3 {[%emt 0:00:37]} Kb2 {[%emt 0:00:15]} 0-1

[Event "29. Klatovy A 2023"]
[Site "Klatovy"]
[Date "2023.07.02"]
[Round "2.12"]
[White "Jurek, Josef"]
[Black "Martirosyan, David"]
[Result "1-0"]
[WhiteElo "2251"]
[BlackElo "1908"]
[PlyCount "49"]
[EventDate "2023.07.01"]
[EventType "swiss"]
[EventRounds "9"]
[EventCountry "CZE"]
[TimeControl "120+30"]

1. c4 {[%emt 0:00:04]} e6 {[%emt 0:00:09]} 2. g3 {[%emt 0:00:13]} d5 {[%emt 0:00:09]} 3. Bg2 {[%emt 0:00:14]} dxc4 {[%emt 0:00:17]} 4. Qa4+ {[%emt 0:00:29]} Nd7 {[%emt 0:00:19]} 5. Qxc4 {[%emt 0:00:48]} a6 {[%emt 0:00:15]} 6. Qc2 {[%emt 0:01:48]} Ra7 {[%emt 0:00:37]} 7. Nf3 {[%emt 0:05:41]} c5 {[%emt 0:01:31]} 8. d3 {[%emt 0:05:13]} b5 {[%emt 0:03:04]} 9. a4 {[%emt 0:05:05]} Qb6 {[%emt 0:02:15]} 10. O-O {[%emt 0:04:48]} Bb7 {[%emt 0:01:45]} 11. Bf4 {[%emt 0:05:33]} Ra8 {[%emt 0:04:47]} 12. axb5 {[%emt 0:04:20]} axb5 {[%emt 0:00:11]} 13. Rxa8+ {[%emt 0:00:14]} Bxa8 {[%emt 0:00:05]} 14. Na3 {[%emt 0:03:33]} Ngf6 {[%emt 0:02:04]} 15. Qb3 {[%emt 0:03:34]} Bc6 {[%emt 0:12:23]} 16. Ne5 {[%emt 0:02:59]} Nxe5 {[%emt 0:00:20]} 17. Bxe5 {[%emt 0:00:43]} Nd5 {[%emt 0:01:16]} 18. Nc4 {[%emt 0:09:10]} Qd8 {[%emt 0:02:19]} 19. Ra1 {[%emt 0:11:12]} bxc4 {[%emt 0:06:39]} 20. dxc4 {[%emt 0:00:16]} Ne7 {[%emt 0:00:52]} 21. Bxc6+ {[%emt 0:01:46]} Nxc6 {[%emt 0:00:14]} 22. Qb5 {[%emt 0:12:51]} Qd7 {[%emt 0:01:21]} 23. Ra8+ {[%emt 0:01:20]} Nd8 {[%emt 0:00:17]} 24. Bc7 {[%emt 0:03:36]} Qxb5 {[%emt 0:18:57]} 25. Rxd8+ {[%emt 0:03:22]} 1-0

[Event "29. Klatovy A 2023"]
[Site "Klatovy"]
[Date "2023.07.02"]
[Round "2.13"]
[White "Kopta, Pavel"]
[Black "Novak, Vaclav2"]
[Result "1/2-1/2"]
[WhiteElo "2209"]
[BlackElo "1948"]
[PlyCount "99"]
[EventDate "2023.07.01"]
[EventType "swiss"]
[EventRounds "9"]
[EventCountry "CZE"]
[TimeControl "120+30"]

1. d4 {[%emt 0:00:04]} d5 {[%emt 0:00:10]} 2. c4 {[%emt 0:00:15]} e6 {[%emt 0:00:09]} 3. Nc3 {[%emt 0:00:11]} Nf6 {[%emt 0:00:12]} 4. Bg5 {[%emt 0:00:07]} Nbd7 {[%emt 0:00:29]} 5. cxd5 {[%emt 0:00:33]} exd5 {[%emt 0:00:21]} 6. e3 {[%emt 0:00:13]} Be7 {[%emt 0:00:35]} 7. Bd3 {[%emt 0:00:26]} O-O {[%emt 0:01:00]} 8. Qc2 {[%emt 0:01:05]} h6 {[%emt 0:00:42]} 9. Bh4 {[%emt 0:00:40]} c6 {[%emt 0:00:59]} 10. Nge2 {[%emt 0:01:21]} Re8 {[%emt 0:01:10]} 11. O-O {[%emt 0:05:35]} Nh5 {[%emt 0:03:17]} 12. Bxe7 {[%emt 0:03:31]} Qxe7 {[%emt 0:00:12]} 13. Rab1 {[%emt 0:00:51]} a5 {[%emt 0:04:07]} 14. Na4 {[%emt 0:09:45]} Nhf6 {[%emt 0:02:46]} 15. Rfc1 {[%emt 0:02:25]} Qd6 {[%emt 0:00:55]} 16. Ng3 {[%emt 0:02:32]} Ng4 {[%emt 0:02:54]} 17. Re1 {[%emt 0:08:42]} b5 {[%emt 0:03:01]} 18. Nc3 {[%emt 0:01:40]} Ndf6 {[%emt 0:00:45]} 19. Nf1 {[%emt 0:10:18]} h5 {[%emt 0:03:31]} 20. f3 {[%emt 0:02:11]} Nh6 {[%emt 0:00:13]} 21. Rbc1 {[%emt 0:01:38]} Bd7 {[%emt 0:00:34]} 22. Ne2 {[%emt 0:01:16]} Re7 {[%emt 0:02:59]} 23. Qc5 {[%emt 0:05:15]} Qxc5 {[%emt 0:00:46]} 24. Rxc5 {[%emt 0:00:08]} Rae8 {[%emt 0:00:56]} 25. Nc1 {[%emt 0:02:44]} g5 {[%emt 0:00:32]} 26. Nb3 {[%emt 0:02:28]} Ra8 {[%emt 0:01:18]} 27. Kf2 {[%emt 0:07:08]} g4 {[%emt 0:00:59]} 28. Re2 {[%emt 0:01:31]} Be8 {[%emt 0:00:55]} 29. Rec2 {[%emt 0:02:20]} Rb7 {[%emt 0:05:07]} 30. Nfd2 {[%emt 0:15:59]} a4 {[%emt 0:00:24]} 31. Nc1 {[%emt 0:00:40]} Kg7 {[%emt 0:00:42]} 32. b4 {[%emt 0:02:25]} Re7 {[%emt 0:02:35]} 33. a3 {[%emt 0:02:56]} Bd7 {[%emt 0:00:13]} 34. e4 {[%emt 0:00:47]} gxf3 {[%emt 0:00:47]} 35. gxf3 {[%emt 0:01:29]} Rae8 {[%emt 0:02:38]} 36. Ne2 {[%emt 0:02:36]} dxe4 {[%emt 0:00:46]} 37. Rg5+ {[%emt 0:00:31]} Kf8 {[%emt 0:01:03]} 38. Nxe4 {[%emt 0:00:46]} Nxe4+ {[%emt 0:01:03]} 39. Bxe4 {[%emt 0:00:14]} Rxe4 {[%emt 0:00:48]} 40. fxe4 {[%emt 0:01:06]} Rxe4 {[%emt 0:00:02]} 41. Kf3 {[%emt 0:05:06]} Re6 {[%emt 0:03:06]} 42. Nf4 {[%emt 0:10:20]} Rf6 {[%emt 0:00:30]} 43. Rf2 {[%emt 0:01:53]} Ng4 {[%emt 0:03:56]} 44. Rd2 {[%emt 0:02:08]} Nh6 {[%emt 0:00:33]} 45. Ke3 {[%emt 0:01:22]} Nf5+ {[%emt 0:02:06]} 46. Kd3 {[%emt 0:01:37]} Nd6 {[%emt 0:01:47]} 47. Rf2 {[%emt 0:05:31]} Bf5+ {[%emt 0:00:46]} 48. Ke2 {[%emt 0:02:59]} Bg4+ {[%emt 0:01:10]} 49. Kd3 {[%emt 0:03:30]} Bf5+ {[%emt 0:00:13]} 50. Ke2 {[%emt 0:00:04]} 1/2-1/2

[Event "29. Klatovy A 2023"]
[Site "Klatovy"]
[Date "2023.07.02"]
[Round "2.14"]
[White "Flajsman, Pavel"]
[Black "Kucera, Petr2"]
[Result "1-0"]
[WhiteElo "2192"]
[BlackElo "1935"]
[PlyCount "83"]
[EventDate "2023.07.01"]
[EventType "swiss"]
[EventRounds "9"]
[EventCountry "CZE"]
[TimeControl "120+30"]

1. Nf3 {[%emt 0:00:03]} Nf6 {[%emt 0:00:07]} 2. c4 {[%emt 0:00:07]} e6 {[%emt 0:00:05]} 3. g3 {[%emt 0:00:27]} b6 {[%emt 0:00:53]} 4. Bg2 {[%emt 0:00:18]} Bb7 {[%emt 0:00:02]} 5. O-O {[%emt 0:01:07]} h5 {[%emt 0:01:26]} 6. h4 {[%emt 0:32:18]} Ng4 {[%emt 0:02:09]} 7. d4 {[%emt 0:00:53]} Be7 {[%emt 0:00:58]} 8. d5 {[%emt 0:03:01]} e5 {[%emt 0:02:25]} 9. Qc2 {[%emt 0:16:14]} d6 {[%emt 0:01:42]} 10. Nc3 {[%emt 0:00:33]} Nd7 {[%emt 0:00:26]} 11. Bg5 {[%emt 0:13:23]} Ndf6 {[%emt 0:00:18]} 12. b4 {[%emt 0:15:00]} a5 {[%emt 0:01:27]} 13. a3 {[%emt 0:02:31]} Nh7 {[%emt 0:02:33]} 14. Ne4 {[%emt 0:06:40]} f5 {[%emt 0:04:00]} 15. Bxe7 {[%emt 0:00:08]} Qxe7 {[%emt 0:00:07]} 16. Neg5 {[%emt 0:08:20]} e4 {[%emt 0:01:55]} 17. Qa4+ {[%emt 0:00:05]} Kd8 {[%emt 0:03:48]} 18. Ne6+ {[%emt 0:00:19]} Kc8 {[%emt 0:00:02]} 19. Nfd4 {[%emt 0:05:03]} axb4 {[%emt 0:02:02]} 20. Qxb4 {[%emt 0:02:13]} Qf6 {[%emt 0:01:11]} 21. Nb5 {[%emt 0:04:00]} g5 {[%emt 0:08:31]} 22. Nbxc7 {[%emt 0:01:16]} gxh4 {[%emt 0:00:11]} 23. Nxa8 {[%emt 0:00:07]} Bxa8 {[%emt 0:01:14]} 24. Qxd6 {[%emt 0:01:48]} Qe5 {[%emt 0:00:49]} 25. Qxe5 {[%emt 0:02:34]} Nxe5 {[%emt 0:00:02]} 26. Rac1 {[%emt 0:01:30]} Kd7 {[%emt 0:00:19]} 27. Nd4 {[%emt 0:01:57]} Rf8 {[%emt 0:01:20]} 28. Bh3 {[%emt 0:00:39]} Kd6 {[%emt 0:00:40]} 29. c5+ {[%emt 0:07:55]} bxc5 {[%emt 0:01:36]} 30. Nxf5+ {[%emt 0:00:03]} Kxd5 {[%emt 0:01:02]} 31. Rfd1+ {[%emt 0:00:08]} Kc6 {[%emt 0:01:41]} 32. Nd4+ {[%emt 0:03:19]} Kb6 {[%emt 0:00:03]} 33. Rb1+ {[%emt 0:00:42]} Ka6 {[%emt 0:00:15]} 34. Ne6 {[%emt 0:00:26]} Rg8 {[%emt 0:02:40]} 35. Nxc5+ {[%emt 0:00:05]} Ka7 {[%emt 0:00:31]} 36. Rd6 {[%emt 0:01:06]} Bc6 {[%emt 0:03:13]} 37. Rxc6 {[%emt 0:01:30]} Nxc6 {[%emt 0:00:12]} 38. Rb7+ {[%emt 0:00:00]} Ka8 {[%emt 0:00:20]} 39. Rxh7 {[%emt 0:00:10]} hxg3 {[%emt 0:00:08]} 40. Bg2 {[%emt 0:00:49]} gxf2+ {[%emt 0:00:09]} 41. Kxf2 {[%emt 0:00:04]} e3+ {[%emt 0:01:18]} 42. Kf1 {[%emt 0:00:30]} 1-0